Music Quiz

Random Music or The Beatles Quiz

Commanding Beatles Titles Quiz Stats

 Plays Quiz Updated Apr 28, 2014

Support Sporcle.
Go Orange.
Score 0/20 Timer 06:00
0 Plays Today
Less-Musical Title Actual Title % Correct
Assist!Help!
96%
Bawl, infant, bawl!Cry Baby Cry
86.3%
Use the automobile I own!Drive My Car
85.8%
Squirm and scream!Twist and Shout
84.6%
Unite!Come Together
82%
Reduce your speed!Slow Down
78.2%
Yell!Shout
73.4%
Adore me execute!Love Me Do
69.7%
Revolve on your vertical axis, Ludwig!Roll Over Beethoven
66.6%
Explain the reason to me!Tell Me Why
54.7%
Less-Musical Title Actual Title % Correct
Embrace me close!Hold Me Tight
53.5%
Flee to prevent one's own death!Run For Your Life
48.8%
Move yourself far away from me!Get Back
46.2%
If it is your desire, satisfy me!Please Please Me
44.5%
Groove a small horse!Dig a Pony
42.8%
Bear a specific burden!Carry That Weight
40.6%
That's not allowed!You Can't Do That
29.1%
Leave that thing alone!Let It Be
27.8%
Delay yourself!Wait
22%
Always stay the same!Don't Ever Change
14.7%

You're not logged in!

Compare scores with friends on all Sporcle quizzes.
OR
Log In

From the Vault

Top 10 Artists Each Year (1990s)

by jmsr525

Let's just hope that parachute pants never come back in style.
Remove Ads.
Support Sporcle.
Get the best of Sporcle when you Go Orange. This ad-free experience offers more features, more stats, and more fun while also helping to support Sporcle. Thank you for becoming a member.

Show Comments

Extras

Top Quizzes Today


Score Distribution

Your Account Isn't Verified!

In order to create a playlist on Sporcle, you need to verify the email address you used during registration. Go to your Sporcle Settings to finish the process.

Report this User

Report this user for behavior that violates our Community Guidelines.

Details: